Statistiques concernant Films avec Jean-Pierre Léaud par image

Cliquez ici pour prendre le quiz!

Statistiques générales

  • Ce quiz a été pris 23 fois
  • Le résultat moyen est 5 sur 16

Statistiques - réponses

Réponse% Correct
Les 400 coups
100%
La Maman et la Putain
75%
La Chinoise
70%
La Nuit Américaine
60%
La Mort de Louis XIV
45%
Le Père Noël a les yeux bleus
35%
Out 1
35%
Irma Vep
25%
Une aventure de Billy le Kid
25%
Le Départ
15%
Porcherie
15%
Grandeur et décadence d'un petit commerce de cinéma
10%
J'ai engagé un tueur
10%
Le lion a sept têtes
10%
Visage
10%
Alien Crystal Palace
0%

Distribution des résultats

Percentile par nombre de réponses

% des personnes avec chaque résultat

Votre développement - résultats

Vous n’avez pas pris ce quiz